| 000 | 00960nam a22002777a 4500 | ||
|---|---|---|---|
| 999 |
_c8085 _d8085 |
||
| 001 | 21622 | ||
| 003 | BD-DhUAP | ||
| 005 | 20220616154753.0 | ||
| 008 | 220616b ||||| |||| 00| 0 eng d | ||
| 020 | _a9781137608376 | ||
| 040 |
_aBD-DhUAP _cBD-DhUAP _dBD-DhUAP _beng _eBD-DhUAP |
||
| 043 | _ae-uk-en | ||
| 082 | 0 | 0 |
_a823.912 MAR _221 |
| 100 | 1 |
_aMarsh, Nicholas, _d1948- |
|
| 245 | 1 | 0 |
_aVirginia Woolf, the novels / _cNicholas Marsh. |
| 246 | 3 | 0 | _aVirginia Woolf |
| 260 |
_aLondon : _bpalgrave MacMillan, _c2016. |
||
| 300 |
_axi, 224 p. ; _c23 cm. |
||
| 440 | 0 | _aAnalysing texts | |
| 504 | _aIncludes bibliographical references (p. 218-221) and index. | ||
| 600 | 1 | 0 |
_aWoolf, Virginia, _d1882-1941 _xOutlines, syllabi, etc. |
| 650 | 0 |
_aWomen and literature _zEngland _xHistory _y20th century. |
|
| 856 | 4 | 1 | _3Table of contents |
| 942 |
_2ddc _cBK |
||